| 000 | 00612nam a22002297a 4500 | ||
|---|---|---|---|
| 001 | 1676 | ||
| 003 | CO-MdFUSB | ||
| 005 | 20190202100307.0 | ||
| 008 | 170511t1971 xxu||||| |||| 00| 0 eng d | ||
| 040 |
_aCO-MdFUSB _bspa _cCO-MdFUSB _dCO-MdFUSBC _erda |
||
| 041 | 0 | _aeng | |
| 082 | 0 | 4 | _aG 220.52 L8167n |
| 245 | 0 |
_aNew American Bible _c / The Lockman Foundation |
|
| 264 | 4 |
_aLa Habra, CA., USA : _bLockman, _c©1971 |
|
| 300 | _a396 Pag | ||
| 336 |
_2rdacontent _a1 _ba1 |
||
| 337 |
_2rdamedia _a2 _b5 |
||
| 338 |
_2rdacarrier _a2 _b5 |
||
| 650 | 0 |
_aBiblia _916 |
|
| 653 | _aVersiones de la Biblia | ||
| 942 | _cBK | ||
| 999 |
_c32914 _d32914 |
||